Dung sai và lắp ghép /

Đổi lẫn chức năng và vấn đề tiêu chuẩn hoá; Các khái niệm cơ bản về dung sai và lắp ghép; Sai số gia công các thông số hình học chi tiết; Dung sai lắp ghép bề mặt trơn; Dung sai hình dạng, vị trí và nhám bề mặt; Dung sai kích thước góc và lắp ghép côn trơn; Dung sai lắp ghép ren; Dung sai truyền độn...

Ausführliche Beschreibung

Gespeichert in:
Bibliographische Detailangaben
1. Verfasser: Ninh Đức Tốn, PGS.PTS.
Format: Buch
Sprache:Vietnamese
Veröffentlicht: Hà Nội : Giáo dục, 2004.
Ausgabe:Tái bản lần 4.
Schlagworte:
Tags: Tag hinzufügen
Keine Tags, Fügen Sie den ersten Tag hinzu!
Thư viện lưu trữ: Mạng thư viện Đại học Đà Nẵng
LEADER 02333cam a2200421 a 4500
001 000043703
003 1746
005 20211007154423.0
008 010217b2004 vm 000 vie
020 |c 16600 
040 |a LRC  |c LRC  |d LRC 
041 0 |a vie 
082 1 4 |a 620  |b NI-T 
100 1 |a Ninh Đức Tốn,  |c PGS.PTS. 
245 1 0 |a Dung sai và lắp ghép /  |c Ninh Đức Tốn. 
250 |a Tái bản lần 4. 
264 1 |a Hà Nội :  |b Giáo dục,  |c 2004. 
300 |a 176 tr. :  |b mh. ;  |c 27 cm. 
520 3 |a Đổi lẫn chức năng và vấn đề tiêu chuẩn hoá; Các khái niệm cơ bản về dung sai và lắp ghép; Sai số gia công các thông số hình học chi tiết; Dung sai lắp ghép bề mặt trơn; Dung sai hình dạng, vị trí và nhám bề mặt; Dung sai kích thước góc và lắp ghép côn trơn; Dung sai lắp ghép ren; Dung sai truyền động bánh răng; Chuỗi kích thước; Ghi kích thước cho bản vẽ chi tiết máy. 
526 |a Kỹ thuật Cơ điện tử  |a Công nghệ chế tạo máy  |a Cơ khí hàng không 
630 0 4 |a Lắp ghép. 
630 0 4 |a Dung sai. 
650 0 4 |a Dung sai. 
650 0 4 |a Lắp ghép. 
910 |a VTTHUONG 
OWN |a DUT 
AVA |a UDN50  |b DUT  |c Book  |d 620 NI-T  |e available  |t Error 5001 Not defined in file expand_doc_bib_avail.  |f 4  |g 1  |h N  |i 1  |j SH  |k 1 
Z40 3 |y Dung sai và lắp ghép  |l Library of DUT  |t VIEW  |x http://catalog.udn.vn:80/F?func=service&doc_library=UDN01&local_base=UDN01&doc_number=000043703&sequence=000001&line_number=0001&func_code=DB_RECORDS&service_type=MEDIA  |f DUT1746.dungsaivalapghepfull_000013447.pdf  |e pdf  |s 049272308  |k 20211007  |m VTTHUONG 
999 |a From the UDN01 
AVA |a UDN50  |b DUT  |c Book  |d 620 NI-T  |e available  |t Error 5001 Not defined in file expand_doc_bib_avail.  |f 4  |g 1  |h N  |i 1  |j SH  |k 1 
TYP |a Monograph 
TYP |a Printed language 
856 |y Dung sai và lắp ghép  |l Library of DUT  |t VIEW  |x http://catalog.udn.vn:80/F?func=service&doc_library=UDN01&local_base=UDN01&doc_number=000043703&sequence=000001&line_number=0001&func_code=DB_RECORDS&service_type=MEDIA  |f DUT1746.dungsaivalapghepfull_000013447.pdf  |e pdf  |s 049272308  |k 20211007  |m VTTHUONG 
980 |a Mạng thư viện Đại học Đà Nẵng